000 01383cam a2200349 a 4500
001 EDZ0000084970
003 StDuBDS
005 20161031105145.0
006 m||||||||d||||||||
007 cr |||||||||||
008 120516s2003 enka fo| 001|0|eng d
020 _a9781446220405 (ebook) :
_cNo price
040 _aStDuBDS
_beng
_cStDuBDS
_epn
049 _aAlfaisal Main Library
050 0 _aHD30.3
_b.M348 2003
082 0 4 _a658.45
_223
245 0 0 _aManagement and language
_h[electronic resource] :
_bthe manager as a practical author /
_cDavid Holman and Richard Thorpe [editors].
260 _aLondon :
_bSAGE,
_cc2003.
300 _a1 online resource (x, 196 p.) :
_bill.
504 _aIncludes bibliographical references and index.
520 8 _aThis text explores and develops the image of the manager as one who is aware of, and attends to, the way in which language is used in everyday managerial activity.
521 _aSpecialized.
588 _aDescription based on print version record.
650 0 _aCommunication in management.
655 7 _aElectronic books.
_2local
700 1 _aHolman, David
_q(David J.)
700 1 _aThorpe, Richard,
_d1951-
710 2 _aSage eBooks
776 0 8 _iPrint version :
_z9780761969082
856 4 0 _uhttp://ezproxy.alfaisal.edu/login?url=http://sk.sagepub.com/books/management-and-language
942 _2lcc
_cEBOOKS
999 _c480557
_d480557